Vista normal Vista MARC

Entrada Topical Term

Número de registros utilizados en: 1

001 - CONTROL NUMBER

  • control field: 12420

003 - CONTROL NUMBER IDENTIFIER

  • control field: OSt

005 - DATE AND TIME OF LATEST TRANSACTION

  • control field: 20201123141659.0

008 - FIXED-LENGTH DATA ELEMENTS

  • fixed length control field: 201123|| aca||aabn | a|a d

040 ## - CATALOGING SOURCE

  • Original cataloging agency: OSt
  • Transcribing agency: OSt

150 ## - HEADING--TOPICAL TERM

  • Topical term or geographic name entry element: Revisión judicial

670 ## - SOURCE DATA FOUND

  • Source citation: Work cat.: (OSt)0: Dueñas Ruiz, Oscar José, autor 12418, Lecciones de teoría constitucional /, 2001.